000 01971cam a2200409 a 4500
001 13034060
003 Nust- CAS-E
005 20180118181409.0
008 021218s2003 nyua 001 0 eng c
010 _a 2002728440
015 _aGBA2-V3396
020 _a0471204900
020 _a055500399X (CDROM)
035 _a(OCoLC)ocm50525391
040 _aUKM
_cUKM
_dOIP
_dCOD
_dDLC
042 _apcc
050 0 0 _aTJ265
_b.I65 2003
082 0 0 _a621.402
_221
_bINT 2003
245 0 0 _aIntroduction to thermal systems engineering :
_bthermodynamics, fluid mechanics, and heat transfer /
_cMichael J. Moran ... [et al.].
246 1 _iTitle from CD-ROM:
_aIntroduction to thermal systems engineering :
_ban interactive e-text and software tools
260 _aNew York :
_bWiley,
_cc2003.
300 _aviii, 562 p. :
_bill. ;
_c26 cm. +
_e2 CD-ROMs (4 3/4 in)
500 _aIncludes indexes.
500 _aAccompanying CD-ROM contains full printed text with hyperlinks, addional content and worked examples, problem keys, short video clips and problem-solving software.
500 _aTitle on second accompanying CD-ROM: Instructor's resource CD-ROM, introduction to thermal systems engineering, thermodynamics, fluid mechanics, and heat transfer.
502 _a0
538 _aMinimum system requirements: Windows 95 or higher (IT & IHT); Windows 95 or higher and Macintosh (E-text); QuickTime available on disc.
650 0 _aThermodynamics.
650 0 _aHeat
_xTransmission.
650 0 _aFluid mechanics.
700 1 _aMoran, Michael J.
856 4 2 _3Publisher description
_uhttp://www.loc.gov/catdir/description/wiley036/2002728440.html
856 4 1 _3Table of contents
_uhttp://www.loc.gov/catdir/toc/wiley031/2002728440.html
906 _a7
_bcbc
_cpccadap
_d2
_encip
_f20
_gy-gencatlg
942 _2ddc
_cBK
999 _c355676
_d355676